000 00308nam a22001337a 4500
020 _a817573826-X
082 _a920
_bDUA/L
100 _aDUA,SHYAM
245 _aTHE LUMINOUS LIFE OF LAL BAHADUR SHASTRI
260 _aDELHI
_bTINY TOT PUBLICATIONS
300 _a95
650 _aBIOGRAPHY
_zDELHI
942 _cBK
999 _c6031
_d6031